The Histories of Raphael Samuel (Record no. 351363)
[ view plain ]
| 000 -LEADER | |
|---|---|
| fixed length control field | 00576nam a2200145Ia 4500 |
| 008 - FIXED-LENGTH DATA ELEMENTS--GENERAL INFORMATION | |
| fixed length control field | 171212s9999 xx 000 0 und d |
| 020 ## - INTERNATIONAL STANDARD BOOK NUMBER | |
| International Standard Book Number | 9781760460365 |
| 100 ## - MAIN ENTRY--PERSONAL NAME | |
| Personal name | Scott-Brown, Sophie |
| 245 ## - TITLE STATEMENT | |
| Statement of responsibility, etc | Scott-Brown, Sophie |
| Title | The Histories of Raphael Samuel |
| Remainder of title | A portrait of a people's historian |
| 260 ## - PUBLICATION, DISTRIBUTION, ETC. (IMPRINT) | |
| Name of publisher, distributor, etc | ANU E Press |
| Date of publication, distribution, etc | 2017 |
| 440 ## - SERIES STATEMENT/ADDED ENTRY--TITLE | |
| Title | ANU Lives Series in Biography |
| 650 ## - SUBJECT ADDED ENTRY--TOPICAL TERM | |
| Topical term or geographic name as entry element | History |
| 650 ## - SUBJECT ADDED ENTRY--TOPICAL TERM | |
| Topical term or geographic name as entry element | Samuel, Raphael; Historians -- Great Britain -- Biography; Marxian historiography; Historical materialism; Social history |
| 856 ## - ELECTRONIC LOCATION AND ACCESS | |
| Uniform Resource Identifier | <a href="http://jstor.org/stable/j.ctt1rfsrqs">http://jstor.org/stable/j.ctt1rfsrqs</a> |
| Withdrawn status | Lost status | Damaged status | Home library | Current library | Date acquired | Total Checkouts | Date last seen | Price effective from | Koha item type |
|---|---|---|---|---|---|---|---|---|---|
| College Library | College Library | 12/12/2017 | 12/12/2017 | 12/12/2017 | Curriculum - Based eBooks |